000 00535nam a22001817a 4500
005 20231116134303.0
008 231116b |||||||| |||| 00| 0 eng d
020 _a0702148571
041 _aEnglish
082 _a343.7 WOK
100 _aWoker, T
_lEnglish
245 _aAdvertising Law in South Africa /
_cT Woker
250 _aFirst Edition
260 _aCape Town :
_bJuta and Company Ltd,
_c1999
300 _bxxvi, 234 pages ;
_c25,5 cm.
650 _aLegal practice
_bLaw
942 _cBK
_6ALISON_BN_VRIES
999 _c736
_d736